Statistics for ‘O’ General Knowledge

Click here to take the quiz!

General Stats

  • This quiz has been taken 41 times
  • The average score is 12 of 15

Answer Stats

HintAnswer% Correct
In what English city resides the oldest university?Oxford
100%
In Norse Mythology, Who is Thors Dad?Odin
95%
What is the last letter of the Greek alphabet?Omega
95%
What is the name for the Japanese art of paper folding?Origami
95%
What is the Capital of Canada?Ottawa
95%
What is an 8 sided shape calledOctagon
92%
What is the only country in the world that begins with OOman
92%
Pearls are mostly found in this molluskOyster
89%
What is the most populous province in Canada?Ontario
86%
Betelgeuse is a star in what constellation?Orion
84%
Famous Shakespearean play that was set in Venice and CyprusOthello
81%
Hey Ya! and Ms Jackson are songs made by which band?OutKast
68%
A French concussion instrumentOboe
54%
In literature, what is deafening silence an example of?Oxymoron
43%
What is a person who escaped legal punishment called?Outlaw
32%

Score Distribution

Percentile by Number Answered

Percent of People with Each Score

Your Score History

You have not taken this quiz